[Event "Bundesliga 0001"]
[Site "Deutschland"]
[Date "2000.10.14"]
[Round "1.5"]
[White "Von Herman, Ulf"]
[Black "Wahls, Matthias"]
[Result "0-1"]
[WhiteElo "2357"]
[BlackElo "2568"]
[PlyCount "48"]
[EventDate "2000.10.14"]
[EventType "team"]
[EventRounds "15"]
[EventCountry "GER"]
[SourceTitle "Bundesliga 0001"]
[Source "DeepChess"]
[SourceDate "2005.01.01"]
[SourceVersion "1"]
[SourceVersionDate "2005.01.01"]
[SourceQuality "1"]
[WhiteTeam "SK Koenig Tegel 1949 e.V. "]
[BlackTeam "Hamburger SK 1830 e.V."]
[WhiteTeamCountry "GER"]
[BlackTeamCountry "GER"]

1. d4 Nf6 2. c4 e6 3. Nf3 b6 4. a3 Bb7 5. Nc3 g6 6. Bg5 Bg7 7. e3 O-O 8. Be2 h6
9. Bh4 d6 10. O-O g5 11. Bg3 Nh5 12. Nd2 Nxg3 13. fxg3 c5 14. Bf3 Nc6 15. dxc5
dxc5 16. Qc2 Qe7 17. g4 Rad8 18. Rad1 Ne5 19. Be2 Ba8 20. Nde4 Rxd1 21. Qxd1
Ng6 22. Qc2 Nh4 23. Bd1 f5 24. Ng3 Nxg2 0-1

[Event "Bundesliga 0001"]
[Site "Deutschland"]
[Date "2000.10.14"]
[Round "1.6"]
[White "Heinemann, Thies"]
[Black "Fette, Martin"]
[Result "1-0"]
[WhiteElo "2468"]
[BlackElo "2346"]
[PlyCount "63"]
[EventDate "2000.10.14"]
[EventType "team"]
[EventRounds "15"]
[EventCountry "GER"]
[SourceTitle "Bundesliga 0001"]
[Source "DeepChess"]
[SourceDate "2005.01.01"]
[SourceVersion "1"]
[SourceVersionDate "2005.01.01"]
[SourceQuality "1"]
[WhiteTeam "Hamburger SK 1830 e.V."]
[BlackTeam "SK Koenig Tegel 1949 e.V. "]
[WhiteTeamCountry "GER"]
[BlackTeamCountry "GER"]

1. e4 c6 2. d4 d5 3. e5 Bf5 4. Nf3 e6 5. Be2 Nd7 6. O-O h6 7. Nbd2 Ne7 8. Re1
Bh7 9. Nf1 a6 10. Ne3 Nf5 11. Bd3 Nxe3 12. fxe3 Bxd3 13. Qxd3 Be7 14. e4 O-O
15. exd5 cxd5 16. Bd2 Rc8 17. b3 Nb8 18. Re2 Nc6 19. c3 Qd7 20. Rf1 b5 21. Ref2
a5 22. Ne1 Bh4 23. g3 Be7 24. Qe2 Bd8 25. Qh5 b4 26. Bxh6 gxh6 27. Qxh6 Ne7 28.
Rf6 bxc3 29. R1f4 Bb6 30. Rg4+ Ng6 31. Rfxg6+ fxg6 32. Qxg6+ 1-0

[Event "Bundesliga 0001"]
[Site "Deutschland"]
[Date "2000.10.14"]
[Round "1.1"]
[White "Movsesian, Sergei"]
[Black "Shirov, Alexei"]
[Result "1/2-1/2"]
[WhiteElo "2666"]
[BlackElo "2746"]
[PlyCount "43"]
[EventDate "2000.10.14"]
[EventType "team"]
[EventRounds "15"]
[EventCountry "GER"]
[SourceTitle "Bundesliga 0001"]
[Source "DeepChess"]
[SourceDate "2005.01.01"]
[SourceVersion "1"]
[SourceVersionDate "2005.01.01"]
[SourceQuality "1"]
[WhiteTeam "SF Neukoelln 03 e.V."]
[BlackTeam "Luebecker SV von 1873 "]
[WhiteTeamCountry "GER"]
[BlackTeamCountry "GER"]

1. e4 c5 2. Nf3 d6 3. d4 cxd4 4. Nxd4 Nf6 5. Nc3 a6 6. Be3 Ng4 7. Bc1 Nf6 8.
Be3 Ng4 9. Bg5 h6 10. Bh4 g5 11. Bg3 Bg7 12. Be2 h5 13. Bxg4 hxg4 14. Qd2 Bxd4
15. Qxd4 f6 16. O-O-O Be6 17. Nd5 Nc6 18. Qe3 Rc8 19. Nb6 Rc7 20. Nd5 Rc8 21.
Nb6 Rc7 22. Nd5 1/2-1/2

[Event "Bundesliga 0001"]
[Site "Deutschland"]
[Date "2000.10.14"]
[Round "1.4"]
[White "Agdestein, Simen"]
[Black "Bunzmann, Dimitrij"]
[Result "0-1"]
[WhiteElo "2590"]
[BlackElo "2484"]
[PlyCount "100"]
[EventDate "2000.10.14"]
[EventType "team"]
[EventRounds "15"]
[EventCountry "GER"]
[SourceTitle "Bundesliga 0001"]
[Source "DeepChess"]
[SourceDate "2005.01.01"]
[SourceVersion "1"]
[SourceVersionDate "2005.01.01"]
[SourceQuality "1"]
[WhiteTeam "Luebecker SV von 1873 "]
[BlackTeam "SF Neukoelln 03 e.V."]
[WhiteTeamCountry "GER"]
[BlackTeamCountry "GER"]

1. d4 e6 2. e4 d5 3. e5 c5 4. c3 Nc6 5. Nf3 Nge7 6. Bd3 cxd4 7. cxd4 Nf5 8.
Bxf5 exf5 9. O-O Be6 10. Nc3 Be7 11. Ne1 O-O 12. f4 f6 13. Ne2 fxe5 14. dxe5 d4
15. Nd3 Qd5 16. b3 a5 17. Rf3 Rfd8 18. Bd2 Qb5 19. Rh3 a4 20. Rb1 axb3 21. axb3
g6 22. Be1 Ra3 23. Nec1 Rda8 24. Qc2 Ra1 25. Rxa1 Rxa1 26. Qb2 Ra6 27. b4 Rb6
28. Rf3 Bd5 29. Rf2 Bc4 30. Qb1 Qd5 31. Rb2 Qe4 32. Qc2 Be6 33. b5 Ba3 34. Bh4
Bxb2 35. Qxb2 Bc4 36. Qc2 Bxb5 37. Qb3+ Kf8 38. Qa3+ Ke8 39. Qa8+ Kd7 40. Qg8
Ne7 41. Nc5+ Kc7 42. Nxe4 Nxg8 43. Nd2 Bc6 44. Ncb3 Rb4 45. Bf2 d3 46. Nc5 Rb2
47. Be3 Be4 48. Ncxe4 fxe4 49. Nxe4 Re2 50. Nc3 d2 0-1

[Event "Bundesliga 0001"]
[Site "Deutschland"]
[Date "2000.10.14"]
[Round "1.5"]
[White "Berndt, Stephan"]
[Black "De Firmian, Nick E"]
[Result "0-1"]
[WhiteElo "2478"]
[BlackElo "2567"]
[PlyCount "156"]
[EventDate "2000.10.14"]
[EventType "team"]
[EventRounds "15"]
[EventCountry "GER"]
[SourceTitle "Bundesliga 0001"]
[Source "DeepChess"]
[SourceDate "2005.01.01"]
[SourceVersion "1"]
[SourceVersionDate "2005.01.01"]
[SourceQuality "1"]
[WhiteTeam "SF Neukoelln 03 e.V."]
[BlackTeam "Luebecker SV von 1873 "]
[WhiteTeamCountry "GER"]
[BlackTeamCountry "GER"]

1. e4 c5 2. Nf3 d6 3. d4 cxd4 4. Nxd4 Nf6 5. Nc3 a6 6. Bc4 e6 7. Bb3 Nc6 8. Be3
Be7 9. Qe2 Qc7 10. O-O-O Na5 11. g4 b5 12. g5 Nxb3+ 13. axb3 Nd7 14. h4 b4 15.
Na4 Nc5 16. h5 Bd7 17. Kb1 Bxa4 18. bxa4 Qb7 19. f3 Nxa4 20. Qc4 O-O 21. Qc6
Nc5 22. Qxb7 Nxb7 23. Nc6 Rfe8 24. Nxb4 Rec8 25. Nd3 Na5 26. Rh2 Nc4 27. Bc1 a5
28. f4 a4 29. Ka2 Ra5 30. Rf1 d5 31. e5 d4 32. g6 fxg6 33. hxg6 hxg6 34. Rg1
Kf7 35. Rhg2 g5 36. Rf1 Ke8 37. Re1 a3 38. b3 Nb2 39. Bxb2 axb2+ 40. Kxb2 Ba3+
41. Kb1 gxf4 42. Re4 Bf8 43. Rxf4 Rd8 44. Rg6 Ke7 45. Rgg4 g5 46. Rxd4 Rxd4 47.
Rxd4 Bg7 48. Re4 Kf7 49. c4 Kg6 50. b4 Ra8 51. Kc2 Bf8 52. Re1 g4 53. c5 Kf5
54. Kb3 g3 55. b5 Rd8 56. Kc4 Rxd3 57. Rf1+ Kxe5 58. Rxf8 Rd4+ 59. Kc3 Rd1 60.
Rg8 Rc1+ 61. Kb4 Kf4 62. b6 e5 63. Kb5 e4 64. c6 e3 65. b7 Rb1+ 66. Kc4 e2 67.
Rf8+ Kg5 68. Re8 g2 69. c7 g1=Q 70. Rg8+ Kh6 71. Rxg1 Rxg1 72. b8=Q Rc1+ 73.
Kd3 e1=Q 74. Qh8+ Kg5 75. Qg8+ Kh4 76. Qh7+ Kg3 77. Qg8+ Kh2 78. Qh7+ Kg2 0-1

[Event "Bundesliga 0001"]
[Site "Deutschland"]
[Date "2000.10.14"]
[Round "1.7"]
[White "Polzin, Rainer"]
[Black "Hansen, Lars Bo"]
[Result "0-1"]
[WhiteElo "2465"]
[BlackElo "2562"]
[PlyCount "82"]
[EventDate "2000.10.14"]
[EventType "team"]
[EventRounds "15"]
[EventCountry "GER"]
[SourceTitle "Bundesliga 0001"]
[Source "DeepChess"]
[SourceDate "2005.01.01"]
[SourceVersion "1"]
[SourceVersionDate "2005.01.01"]
[SourceQuality "1"]
[WhiteTeam "SF Neukoelln 03 e.V."]
[BlackTeam "Luebecker SV von 1873 "]
[WhiteTeamCountry "GER"]
[BlackTeamCountry "GER"]

1. e4 e6 2. d4 d5 3. Nc3 Nf6 4. e5 Nfd7 5. f4 c5 6. Nf3 a6 7. Be3 Qb6 8. Na4
Qc6 9. Nxc5 Nxc5 10. dxc5 Bxc5 11. Qd2 Bd7 12. Bd3 Qb6 13. Bxc5 Qxc5 14. b4 Qb6
15. a4 Nc6 16. Rb1 Rc8 17. Qf2 Qxf2+ 18. Kxf2 a5 19. b5 Nd8 20. Rhd1 b6 21. c4
Nb7 22. cxd5 exd5 23. Rb2 Bg4 24. Bc2 Rc4 25. f5 Bxf3 26. gxf3 d4 27. Be4 Nc5
28. Rbd2 Rxa4 29. Rxd4 Rxd4 30. Rxd4 Ke7 31. Ke3 Nxe4 32. Kxe4 Ra8 33. Ra4 Rc8
34. Kd4 f6 35. f4 g6 36. Ra1 gxf5 37. Rg1 Ke6 38. Re1 Rc5 39. exf6+ Kxf6 40.
Rb1 h6 41. h4 Kg6 0-1

[Event "Bundesliga 0001"]
[Site "Deutschland"]
[Date "2000.10.14"]
[Round "1.8"]
[White "Hector, Jonny"]
[Black "Poldauf, Dirk"]
[Result "0-1"]
[WhiteElo "2509"]
[BlackElo "2421"]
[PlyCount "168"]
[EventDate "2000.10.14"]
[EventType "team"]
[EventRounds "15"]
[EventCountry "GER"]
[SourceTitle "Bundesliga 0001"]
[Source "DeepChess"]
[SourceDate "2005.01.01"]
[SourceVersion "1"]
[SourceVersionDate "2005.01.01"]
[SourceQuality "1"]
[WhiteTeam "Luebecker SV von 1873 "]
[BlackTeam "SF Neukoelln 03 e.V."]
[WhiteTeamCountry "GER"]
[BlackTeamCountry "GER"]

1. Nc3 d5 2. d4 Nf6 3. Bg5 Nbd7 4. Nf3 c6 5. e3 e6 6. Bd3 Bb4 7. O-O O-O 8. Ne2
Be7 9. Ng3 b6 10. c4 Bb7 11. cxd5 Nxd5 12. Bxe7 Qxe7 13. Rc1 c5 14. e4 Nb4 15.
Bb1 Rac8 16. a3 Nc6 17. d5 exd5 18. exd5 Nce5 19. Nxe5 Qxe5 20. Nf5 Kh8 21. Re1
Qf6 22. Rc3 Rcd8 23. Rh3 g6 24. Nh6 Ne5 25. Be4 Nc4 26. Rc3 Nd6 27. Bf3 Nb5 28.
Rce3 Nd4 29. Ng4 Qg7 30. Re7 Nxf3+ 31. Qxf3 Bxd5 32. Qf4 g5 33. Qe3 Be6 34. Ne5
a5 35. Nf3 h6 36. h4 g4 37. Ne5 Kg8 38. Rb7 Rd6 39. b4 cxb4 40. axb4 axb4 41.
Rxb6 Rxb6 42. Qxb6 b3 43. Re3 Rc8 44. Nd3 Qf6 45. Re4 Kg7 46. Qb4 Ra8 47. Re1
Ra1 48. Rxa1 Qxa1+ 49. Kh2 Qf6 50. Kg1 Kh7 51. Nc5 Bd5 52. Nd3 Qa6 53. Qd4 Qc4
54. Qxc4 Bxc4 55. Nb2 Bd5 56. Kf1 Kg6 57. g3 Kf5 58. Ke1 Ke4 59. Ke2 f5 60. Kd2
f4 61. gxf4 Kxf4 62. Nd3+ Ke4 63. Kc3 Bg8 64. Kd2 h5 65. Ne1 Kf4 66. Kc3 g3 67.
Nd3+ Kf3 68. fxg3 Kxg3 69. Nc5 Kxh4 70. Ne4 Be6 71. Kb2 Kg4 72. Nf6+ Kg5 73.
Ne4+ Kf4 74. Nc5 Bg8 75. Nd3+ Kg3 76. Nc5 h4 77. Ne4+ Kg2 78. Nf6 Bf7 79. Ng4
h3 80. Ne3+ Kf2 81. Ng4+ Kg3 82. Ne3 h2 83. Nf1+ Kg2 84. Nxh2 Kxh2 0-1

[Event "Bundesliga 0001"]
[Site "Deutschland"]
[Date "2000.10.14"]
[Round "1.1"]
[White "Hracek, Zbynek"]
[Black "Feygin, Michail"]
[Result "1/2-1/2"]
[WhiteElo "2612"]
[BlackElo "2482"]
[PlyCount "35"]
[EventDate "2000.10.14"]
[EventType "team"]
[EventRounds "15"]
[EventCountry "GER"]
[SourceTitle "Bundesliga 0001"]
[Source "DeepChess"]
[SourceDate "2005.01.01"]
[SourceVersion "1"]
[SourceVersionDate "2005.01.01"]
[SourceQuality "1"]
[WhiteTeam "SAbt SV Werder Bremen"]
[BlackTeam "SC Hassel KS Gelsenkirchen"]
[WhiteTeamCountry "GER"]
[BlackTeamCountry "GER"]

1. e4 e6 2. d4 d5 3. Nc3 Nf6 4. Bg5 Bb4 5. exd5 exd5 6. Bd3 Be6 7. Nge2 c5 8.
dxc5 Nbd7 9. O-O O-O 10. a3 Bxc5 11. Nf4 Qc7 12. Qf3 Qe5 13. Bxf6 Nxf6 14. Rae1
Qd6 15. Nb5 Qd7 16. Nxe6 fxe6 17. Qh3 Rae8 18. b4 1/2-1/2

[Event "Bundesliga 0001"]
[Site "Deutschland"]
[Date "2000.10.14"]
[Round "1.2"]
[White "Kishnev, Sergey"]
[Black "Babula, Vlastimil"]
[Result "1/2-1/2"]
[WhiteElo "2495"]
[BlackElo "2582"]
[PlyCount "51"]
[EventDate "2000.10.14"]
[EventType "team"]
[EventRounds "15"]
[EventCountry "GER"]
[SourceTitle "Bundesliga 0001"]
[Source "DeepChess"]
[SourceDate "2005.01.01"]
[SourceVersion "1"]
[SourceVersionDate "2005.01.01"]
[SourceQuality "1"]
[WhiteTeam "SC Hassel KS Gelsenkirchen"]
[BlackTeam "SAbt SV Werder Bremen"]
[WhiteTeamCountry "GER"]
[BlackTeamCountry "GER"]

1. e4 c5 2. Nf3 Nc6 3. Bb5 d6 4. O-O Bd7 5. Re1 Nf6 6. c3 a6 7. Bf1 Bg4 8. h3
Bxf3 9. Qxf3 g6 10. Na3 Bg7 11. Nc2 Nd7 12. d3 O-O 13. Be3 Rc8 14. Qd1 e6 15.
Qd2 Qa5 16. d4 Nf6 17. f3 cxd4 18. Nxd4 d5 19. Nxc6 Rxc6 20. e5 Nd7 21. Bd4 Qc7
22. f4 f6 23. exf6 Nxf6 24. Be5 Qb6+ 25. Bd4 Qc7 26. Be5 1/2-1/2

[Event "Bundesliga 0001"]
[Site "Deutschland"]
[Date "2000.10.14"]
[Round "1.3"]
[White "Schandorff, Lars"]
[Black "Kalka, Arkadius Georg"]
[Result "1/2-1/2"]
[WhiteElo "2520"]
[BlackElo "2378"]
[PlyCount "60"]
[EventDate "2000.10.14"]
[EventType "team"]
[EventRounds "15"]
[EventCountry "GER"]
[SourceTitle "Bundesliga 0001"]
[Source "DeepChess"]
[SourceDate "2005.01.01"]
[SourceVersion "1"]
[SourceVersionDate "2005.01.01"]
[SourceQuality "1"]
[WhiteTeam "SAbt SV Werder Bremen"]
[BlackTeam "SC Hassel KS Gelsenkirchen"]
[WhiteTeamCountry "GER"]
[BlackTeamCountry "GER"]

1. Nf3 c5 2. c4 Nf6 3. Nc3 Nc6 4. g3 g6 5. Bg2 Bg7 6. d4 cxd4 7. Nxd4 Nxd4 8.
Qxd4 O-O 9. O-O d6 10. Qd3 Be6 11. Bd2 Qc8 12. Nd5 Nxd5 13. cxd5 Bd7 14. Rac1
Qd8 15. Bc3 Qb6 16. Bxg7 Kxg7 17. Rc2 Rac8 18. Rfc1 Qa5 19. Qd4+ Kg8 20. b4 Qa4
21. Qb2 a5 22. a3 axb4 23. axb4 Rxc2 24. Rxc2 Rc8 25. Rxc8+ Bxc8 26. f4 Qa7+
27. Kf1 Qe3 28. Qc2 Bf5 29. Qc4 h5 30. Bf3 Bh3+ 1/2-1/2

[Event "Bundesliga 0001"]
[Site "Deutschland"]
[Date "2000.10.14"]
[Round "1.6"]
[White "Ahn, Martin"]
[Black "Pelletier, Yannick"]
[Result "0-1"]
[WhiteElo "2265"]
[BlackElo "2474"]
[PlyCount "82"]
[EventDate "2000.10.14"]
[EventType "team"]
[EventRounds "15"]
[EventCountry "GER"]
[SourceTitle "Bundesliga 0001"]
[Source "DeepChess"]
[SourceDate "2005.01.01"]
[SourceVersion "1"]
[SourceVersionDate "2005.01.01"]
[SourceQuality "1"]
[WhiteTeam "SC Hassel KS Gelsenkirchen"]
[BlackTeam "SAbt SV Werder Bremen"]
[WhiteTeamCountry "GER"]
[BlackTeamCountry "GER"]

1. e4 c5 2. Nf3 d6 3. d4 cxd4 4. Nxd4 Nf6 5. Nc3 a6 6. f4 e5 7. Nf3 Nbd7 8. a4
Be7 9. Bd3 O-O 10. O-O Nc5 11. Kh1 exf4 12. Bxf4 Bg4 13. Qe1 Re8 14. Qg3 Bh5
15. Rae1 Bg6 16. Bg5 Nh5 17. Qh4 Bxg5 18. Nxg5 Re5 19. Nf3 Qxh4 20. Nxh4 Nf6
21. b4 Ncd7 22. Nf5 Rc8 23. Nd5 Nxd5 24. exd5 Bxf5 25. Bxf5 Rce8 26. Rc1 Nb6
27. c4 g6 28. Bh3 Re4 29. c5 dxc5 30. d6 Rxb4 31. a5 Nc4 32. d7 Rd8 33. Rce1
Kf8 34. Rf6 Ne5 35. Ref1 Ke7 36. g3 c4 37. R6f4 Rb5 38. Re1 Rc5 39. Rfe4 f6 40.
g4 g5 41. Rd4 Rxd7 0-1

[Event "Bundesliga 0001"]
[Site "Deutschland"]
[Date "2000.10.14"]
[Round "1.7"]
[White "Joachim, Sven"]
[Black "Balster, Stefan"]
[Result "1-0"]
[WhiteElo "2445"]
[BlackElo "2338"]
[PlyCount "65"]
[EventDate "2000.10.14"]
[EventType "team"]
[EventRounds "15"]
[EventCountry "GER"]
[SourceTitle "Bundesliga 0001"]
[Source "DeepChess"]
[SourceDate "2005.01.01"]
[SourceVersion "1"]
[SourceVersionDate "2005.01.01"]
[SourceQuality "1"]
[WhiteTeam "SAbt SV Werder Bremen"]
[BlackTeam "SC Hassel KS Gelsenkirchen"]
[WhiteTeamCountry "GER"]
[BlackTeamCountry "GER"]

1. e4 c5 2. Nf3 e6 3. d3 Nc6 4. c3 d5 5. Qe2 Nf6 6. g3 b6 7. Bg2 Be7 8. O-O Bb7
9. Re1 h6 10. Na3 Qd7 11. Bf4 Ba6 12. c4 d4 13. Nb5 Bxb5 14. cxb5 Nd8 15. a4
Nb7 16. Ne5 Qc8 17. Nc6 Nd8 18. Nxd4 cxd4 19. Rac1 Bc5 20. b4 Nd7 21. bxc5 Nxc5
22. Qg4 Rg8 23. e5 Rb8 24. Bxh6 Qd7 25. Be4 g6 26. Rc4 Rc8 27. Rec1 Nxe4 28.
Rxc8 Nc5 29. R1xc5 bxc5 30. Rxc5 Qe7 31. Qxd4 g5 32. Rc8 Rg6 33. Bf8 1-0

[Event "Bundesliga 0001"]
[Site "Deutschland"]
[Date "2000.10.14"]
[Round "1.8"]
[White "Schirbel, Andreas"]
[Black "Meins, Gerlef"]
[Result "0-1"]
[WhiteElo "2308"]
[BlackElo "2426"]
[PlyCount "81"]
[EventDate "2000.10.14"]
[EventType "team"]
[EventRounds "15"]
[EventCountry "GER"]
[SourceTitle "Bundesliga 0001"]
[Source "DeepChess"]
[SourceDate "2005.01.01"]
[SourceVersion "1"]
[SourceVersionDate "2005.01.01"]
[SourceQuality "1"]
[WhiteTeam "SC Hassel KS Gelsenkirchen"]
[BlackTeam "SAbt SV Werder Bremen"]
[WhiteTeamCountry "GER"]
[BlackTeamCountry "GER"]

1. d4 d5 2. c4 c6 3. cxd5 cxd5 4. Nc3 Nf6 5. Bf4 Nc6 6. e3 e6 7. Nf3 Bd6 8. Bd3
O-O 9. O-O b6 10. Rc1 Bb7 11. Bg3 Bxg3 12. hxg3 Qe7 13. Qa4 Rfc8 14. Ba6 Na5
15. Bxb7 Qxb7 16. Nb5 Ne4 17. Ne5 a6 18. Na3 Rxc1 19. Rxc1 Rc8 20. Rc2 f6 21.
Qd7 Qxd7 22. Nxd7 Rxc2 23. Nxc2 Nc4 24. b3 Nb2 25. Nxb6 Nd3 26. b4 Kf7 27. a4
Ke7 28. a5 Nc3 29. Kf1 Kd6 30. f3 Kc6 31. e4 Kb5 32. exd5 exd5 33. Ne3 Nxb4 34.
Ke1 Kxa5 35. Nd7 Nb5 36. Kd2 Nxd4 37. g4 Ne6 38. Nf5 Kb5 39. Kc3 a5 40. g3 Kc6
41. Kd2 0-1

[Event "Bundesliga 0001"]
[Site "Deutschland"]
[Date "2000.10.14"]
[Round "1.1"]
[White "Schlindwein, Rolf"]
[Black "Lutz, Christopher"]
[Result "1/2-1/2"]
[WhiteElo "2441"]
[BlackElo "2595"]
[PlyCount "54"]
[EventDate "2000.10.14"]
[EventType "team"]
[EventRounds "15"]
[EventCountry "GER"]
[SourceTitle "Bundesliga 0001"]
[Source "DeepChess"]
[SourceDate "2005.01.01"]
[SourceVersion "1"]
[SourceVersionDate "2005.01.01"]
[SourceQuality "1"]
[WhiteTeam "SF 1982 Baiertal Schatthausen"]
[BlackTeam "SG Porz e.V."]
[WhiteTeamCountry "GER"]
[BlackTeamCountry "GER"]

1. d4 Nf6 2. Bg5 e6 3. e4 h6 4. Bxf6 Qxf6 5. Nc3 Bb4 6. Qd2 c5 7. dxc5 O-O 8.
f4 Bxc3 9. bxc3 b6 10. cxb6 axb6 11. Nf3 Bb7 12. Bd3 Ra4 13. O-O Bxe4 14. Ne5
Qe7 15. c4 d6 16. Ng4 d5 17. cxd5 Qc5+ 18. Rf2 Bxd5 19. Rb1 Rd8 20. Qe3 Qxe3
21. Nxe3 Nd7 22. Bb5 Rxa2 23. c4 Rxf2 24. Kxf2 Bb7 25. Rd1 Bc8 26. Rd6 Kf8 27.
Bxd7 Rxd7 1/2-1/2

[Event "Bundesliga 0001"]
[Site "Deutschland"]
[Date "2000.10.14"]
[Round "1.4"]
[White "Hansen, Curt"]
[Black "Duppel, Matthias"]
[Result "1-0"]
[WhiteElo "2613"]
[BlackElo "2376"]
[PlyCount "79"]
[EventDate "2000.10.14"]
[EventType "team"]
[EventRounds "15"]
[EventCountry "GER"]
[SourceTitle "Bundesliga 0001"]
[Source "DeepChess"]
[SourceDate "2005.01.01"]
[SourceVersion "1"]
[SourceVersionDate "2005.01.01"]
[SourceQuality "1"]
[WhiteTeam "SG Porz e.V."]
[BlackTeam "SF 1982 Baiertal Schatthausen"]
[WhiteTeamCountry "GER"]
[BlackTeamCountry "GER"]

1. c4 e6 2. Nc3 c5 3. Nf3 Nf6 4. g3 b6 5. Bg2 Bb7 6. O-O Be7 7. Re1 d6 8. e4
Nbd7 9. d4 cxd4 10. Nxd4 Qc7 11. b3 a6 12. Bb2 O-O 13. Rc1 Rfe8 14. h3 Rac8 15.
Rc2 Bf8 16. Rce2 g6 17. Nc2 Rcd8 18. Rd2 h5 19. h4 Ne5 20. Ne3 Bc6 21. f4 Ned7
22. a4 Bb7 23. Qb1 Qb8 24. Ncd1 d5 25. cxd5 exd5 26. e5 Ne4 27. Bxe4 dxe4 28.
Nd5 Bxd5 29. Rxd5 Nc5 30. Nc3 Nd3 31. Nxe4 Rxd5 32. Nf6+ Kh8 33. Nxd5 Nxe1 34.
e6+ Bg7 35. exf7 Re6 36. Qa1 Bxb2 37. Qxb2+ Kh7 38. Nf6+ Rxf6 39. Qxf6 Qf8 40.
f5 1-0

[Event "Bundesliga 0001"]
[Site "Deutschland"]
[Date "2000.10.14"]
[Round "1.5"]
[White "Meissner, Bernd Guenther"]
[Black "Graf, Alexander"]
[Result "0-1"]
[WhiteElo "2372"]
[BlackElo "2642"]
[PlyCount "56"]
[EventDate "2000.10.14"]
[EventType "team"]
[EventRounds "15"]
[EventCountry "GER"]
[SourceTitle "Bundesliga 0001"]
[Source "DeepChess"]
[SourceDate "2005.01.01"]
[SourceVersion "1"]
[SourceVersionDate "2005.01.01"]
[SourceQuality "1"]
[WhiteTeam "SF 1982 Baiertal Schatthausen"]
[BlackTeam "SG Porz e.V."]
[WhiteTeamCountry "GER"]
[BlackTeamCountry "GER"]

1. d4 Nf6 2. c4 e6 3. Nc3 Bb4 4. Qc2 c5 5. dxc5 O-O 6. Nf3 Na6 7. a3 Bxc3+ 8.
Qxc3 Nxc5 9. b4 Nce4 10. Qd4 d6 11. Nd2 e5 12. Qb2 Be6 13. c5 dxc5 14. Nxe4
Nxe4 15. Qxe5 Bb3 16. Bh6 gxh6 17. Qxe4 Qf6 18. Rc1 Rad8 19. f3 c4 20. Qe3 Rfe8
21. Qc3 Rd1+ 22. Kf2 Qb6+ 23. Kg3 Re3 24. Qa1 Rxc1 25. Qxc1 c3 26. h4 Qd4 27.
Kf2 c2 28. Rh3 Re6+ 0-1

[Event "Bundesliga 0001"]
[Site "Deutschland"]
[Date "2000.10.14"]
[Round "1.6"]
[White "Nijboer, Friso"]
[Black "Koch, Wolfgang Max"]
[Result "1-0"]
[WhiteElo "2537"]
[BlackElo "2335"]
[PlyCount "56"]
[EventDate "2000.10.14"]
[EventType "team"]
[EventRounds "15"]
[EventCountry "GER"]
[SourceTitle "Bundesliga 0001"]
[Source "DeepChess"]
[SourceDate "2005.01.01"]
[SourceVersion "1"]
[SourceVersionDate "2005.01.01"]
[SourceQuality "1"]
[WhiteTeam "SG Porz e.V."]
[BlackTeam "SF 1982 Baiertal Schatthausen"]
[WhiteTeamCountry "GER"]
[BlackTeamCountry "GER"]

1. e4 d6 2. d4 Nf6 3. Nc3 g6 4. Be3 c6 5. Qd2 Bg7 6. Bh6 Bxh6 7. Qxh6 Qa5 8.
Bd3 Na6 9. Nge2 Nb4 10. O-O Nxd3 11. cxd3 Qh5 12. Qf4 h6 13. e5 dxe5 14. dxe5
Nd7 15. e6 fxe6 16. Rae1 e5 17. Qb4 a5 18. Qa3 Qh4 19. Ne4 Rf8 20. Qc3 Ra6 21.
Nc1 c5 22. Nb3 a4 23. Nbxc5 Rc6 24. Qb4 Rf4 25. Nxd7 Bxd7 26. Qxb7 Rc2 27. Rc1
Rxc1 28. Rxc1 Rg4 $138 1-0

[Event "Bundesliga 0001"]
[Site "Deutschland"]
[Date "2000.10.14"]
[Round "1.8"]
[White "Van den Doel, Erik"]
[Black "Schmenger, Felix"]
[Result "1-0"]
[WhiteElo "2547"]
[BlackElo "2257"]
[PlyCount "117"]
[EventDate "2000.10.14"]
[EventType "team"]
[EventRounds "15"]
[EventCountry "GER"]
[SourceTitle "Bundesliga 0001"]
[Source "DeepChess"]
[SourceDate "2005.01.01"]
[SourceVersion "1"]
[SourceVersionDate "2005.01.01"]
[SourceQuality "1"]
[WhiteTeam "SG Porz e.V."]
[BlackTeam "SF 1982 Baiertal Schatthausen"]
[WhiteTeamCountry "GER"]
[BlackTeamCountry "GER"]

1. e4 c5 2. Nf3 Nc6 3. d4 cxd4 4. Nxd4 g6 5. c4 Nf6 6. Nc3 Nxd4 7. Qxd4 d6 8.
Be2 Bg7 9. Be3 O-O 10. Qd2 Be6 11. Rc1 Qa5 12. f3 Rfc8 13. b3 a6 14. Na4 Qxd2+
15. Kxd2 Nd7 16. g4 Rf8 17. h4 f5 18. exf5 gxf5 19. g5 f4 20. Bf2 Rf5 21. Nc3
Bxc3+ 22. Kxc3 b5 23. cxb5 axb5 24. Kb2 b4 25. Rc7 Re5 26. Re1 Bf5 27. h5 Rea5
28. Ra1 Ne5 29. Be1 Bd3 30. Bd1 Rb8 31. a3 bxa3+ 32. Rxa3 Rxa3 33. Kxa3 Bf5 34.
Ba5 e6 35. Be2 Nf7 36. b4 Nxg5 37. b5 e5 38. b6 e4 39. Bc4+ Kf8 40. Ra7 exf3
41. b7 Be4 42. Bc7 Rxb7 43. Bxd6+ Ke8 44. Ra5 Kd7 45. Bxf4 Ne6 46. Be3 Rc7 47.
Kb3 Kd6 48. Bf2 Rc6 49. Kb4 Rc8 50. Bg3+ Ke7 51. Re5 Rxc4+ 52. Kxc4 Bb7 53. Ra5
Be4 54. Kc3 Kf7 55. Kd2 Ng7 56. Ke3 Bc6 57. Rc5 Be8 58. Rc7+ Kf6 59. Bh4+ 1-0

[Event "Bundesliga 0001"]
[Site "Deutschland"]
[Date "2000.10.14"]
[Round "1.2"]
[White "Kasimdzhanov, Rustam"]
[Black "Slobodjan, Roman"]
[Result "1-0"]
[WhiteElo "2690"]
[BlackElo "2539"]
[PlyCount "77"]
[EventDate "2000.10.14"]
[EventType "team"]
[EventRounds "15"]
[EventCountry "GER"]
[SourceTitle "Bundesliga 0001"]
[Source "DeepChess"]
[SourceDate "2005.01.01"]
[SourceVersion "1"]
[SourceVersionDate "2005.01.01"]
[SourceQuality "1"]
[WhiteTeam "SG 1868 Aljech. Solingen"]
[BlackTeam "USC Magdeburg"]
[WhiteTeamCountry "GER"]
[BlackTeamCountry "GER"]

1. d4 d5 2. c4 c6 3. Nf3 e6 4. e3 Bd6 5. Bd3 f5 6. O-O Nf6 7. b3 Qe7 8. Bb2 O-O
9. Qc1 b6 10. Ba3 c5 11. cxd5 exd5 12. Nc3 Ba6 13. dxc5 Bxc5 14. Bxc5 bxc5 15.
Rd1 Bb7 16. Bxf5 d4 17. exd4 Bxf3 18. Re1 Qb7 19. gxf3 Nc6 20. Ne2 Nxd4 21.
Nxd4 cxd4 22. Qc4+ Kh8 23. Qxd4 Qxf3 24. Re5 Rad8 25. Qe3 Rd1+ 26. Rxd1 Qxd1+
27. Kg2 g6 28. Be6 Qd6 29. Qc5 Qb8 30. Qd4 Qb7+ 31. f3 Kg7 32. Ra5 a6 33. Bc4
Ra8 34. a4 Qc7 35. Rc5 Qe7 36. Re5 Qb4 37. Re6 Rf8 38. Rxa6 Qb8 39. Qa7+ 1-0